NWR Origins - Statistics

General Stats
  • This quiz has been taken 21 times
  • The average score is 20 of 50
Answer Stats
Episode introduced Answer % Correct
3 Alfred/98462
67%
12 Cornwall
67%
7 Donald
67%
7 Douglas
67%
2 Edward
67%
4 Gordon
67%
11 Henrietta
67%
3 Henry
67%
12 Herbert
67%
8 Oliver
67%
1 The Fat Controller
67%
1 Thomas
67%
8 Toad
67%
11 Toby
67%
1 107
33%
1 Adam
33%
6 Annie
33%
10 Barney
33%
13 Ben
33%
13 Bill
33%
15 Boco
33%
4 Boris
33%
12 Brian
33%
6 Clarabell
33%
8 Clarence
33%
1 Clive
33%
3 Crovan/87546
33%
15 D5703
33%
8 derby
33%
9 Dodge
33%
12 Duck
33%
1 Eagle
33%
10 Flying Thistle
33%
6 James
33%
4 Jeremy
33%
12 Jerome
33%
7 Jinty
33%
10 King George
33%
1 Matthew
33%
14 Mavis
33%
1 Neil
33%
8 Paul
33%
10 Percy
33%
9 Splatter
33%
15 Vulcan
33%
1 Wallace
33%
8 William
33%
15 D5705/Vicor
0%
12 Joseph
0%
12 Scott
0%
No matching quizzes found
Score Distribution
Percent of People with Each Score
Percentile by Number Answered
Your Score History
You have not taken this quiz